Kalibry. STN 99 0151 : Názvy a definice. Účinnost: 1.1.1990

Salvato in:
Dettagli Bibliografici
Natura: Libro
Lingua:ceco
Pubblicazione: Praha : Vydavatelství norem, 1989
Soggetti:
Tags: Aggiungi Tag
Nessun Tag, puoi essere il primo ad aggiungerne!!

MARC

LEADER 00000nam a22000003a 4500
001 stu79409
005 20150408175433.4
008 030303s1989----cs------------------cze-d
040 |a STU  |b slo 
041 0 |a cze 
044 |a cs 
080 |a 621.713  |7 stu_us_auth*stu2817 
245 |a Kalibry. STN 99 0151 :  |b Názvy a definice. Účinnost: 1.1.1990 
260 |a Praha :  |b Vydavatelství norem,  |c 1989 
300 |a 8 s 
650 7 |a kalibre  |2 stusub 
996 |b 284M039314  |c M*N-827-1  |l MMKN  |s A  |a 24  |w stu79409_0001